| 000 | 00825nam a2200265 a 4500 | ||
|---|---|---|---|
| 001 | 14273 | ||
| 003 | BD-RjUL | ||
| 005 | 20211208235611.0 | ||
| 008 | 140205s1925 enka 001 0 eng d | ||
| 035 | _a(BD-RjUL)14325 | ||
| 040 |
_aDLC _beng _cDLC _dBD-RjUL |
||
| 041 | _aeng | ||
| 082 | 0 | 0 |
_a573.3 _bKEA 1925 |
| 100 | 1 |
_aKeith, Arthur, _d1866-1955. _936655 |
|
| 245 | 1 | 4 |
_aThe antiquity of man / _cby Sir Arthur Keith. |
| 250 | _a2nd ed.; new and enl. ed., completely rev. and reset. | ||
| 260 |
_aLondon : _bWilliams & Norgate, _c1925. |
||
| 300 |
_av. : _bill. ; _c23 cm. |
||
| 504 | _aIncludes bibliographical references and index. | ||
| 505 | 0 | 1 | _avol. I -- v. 2 -- |
| 650 | 0 |
_aHuman beings _xOrigin. _93799 |
|
| 650 | 0 |
_aHuman evolution. _944571 |
|
| 650 | 0 |
_aPrehistoric peoples. _944572 |
|
| 942 |
_2ddc _cBK |
||
| 999 |
_c14273 _d14273 |
||